Estimating & Tendering For Construction Work (Record no. 31302)

MARC details
000 -LEADER
fixed length control field 00349nam a22001457a 4500
003 - CONTROL NUMBER IDENTIFIER
control field OSt
005 - DATE AND TIME OF LATEST TRANSACTION
control field 20220223101457.0
008 - FIXED-LENGTH DATA ELEMENTS--GENERAL INFORMATION
fixed length control field 220223b |||||||| |||| 00| 0 eng d
020 ## - INTERNATIONAL STANDARD BOOK NUMBER
International Standard Book Number 9780750686167
040 ## - CATALOGING SOURCE
Transcribing agency HU
082 ## - DEWEY DECIMAL CLASSIFICATION NUMBER
Edition number 4th
Classification number 692.5
100 ## - MAIN ENTRY--PERSONAL NAME
Personal name Brook
9 (RLIN) 31237
245 ## - TITLE STATEMENT
Title Estimating & Tendering For Construction Work
942 ## - ADDED ENTRY ELEMENTS (KOHA)
Source of classification or shelving scheme Dewey Decimal Classification
Koha item type Books like text book referance book
Suppress in OPAC No
Holdings
Withdrawn status Lost status Source of classification or shelving scheme Damaged status Not for loan Home library Current library Shelving location Date acquired Total Checkouts Full call number Barcode Date last seen Copy number Price effective from Koha item type
    Dewey Decimal Classification     IoT Library IoT Library General Stacks 02/23/2022   692.5/BRO/2008 IOTL0015381 02/23/2022 1 02/23/2022 Books like text book referance book
    Dewey Decimal Classification     IoT Library IoT Library General Stacks 11/22/2022   692.5/BRO/2008 IOTL0021591 11/22/2022 2 11/22/2022 Books like text book referance book